| 000 | 01787nam a2200253Ia 4500 | ||
|---|---|---|---|
| 003 | Ost | ||
| 005 | 20260507075657.0 | ||
| 008 | 260507s9999||||xx |||||||||||||| ||und|| | ||
| 040 | _cfsecg | ||
| 041 | _aara | ||
| 082 | _a347.62013 | ||
| 100 |
_aطلبة، أنور _eمؤلف |
||
| 245 | 0 |
_aالطعن بالنقض في المواد المدنية والتجارية / _c أنور طلبة |
|
| 260 |
_aالاسكندرية: _bالمكتب الجامعي الحديث, _c2004 |
||
| 300 |
_a1067 صفحة؛ _bإيضاحات ؛ _c24 سم |
||
| 490 | _aالكتب القانونية | ||
| 504 | _aالمراجع ص. 1076 | ||
| 520 | _aشكل الطعن: جواز الطعن بالنقض، قبول الطعن، نحضير الطعن: قيد الطعن واعلانه، مذكرات الخصوم ومستنداتهم، الادخال والتدخل في الطعن، مذكرة نيابة الطعن، الحكم في الطعن: اخطار الخصوم بالجلسة، نظر الطعن والحكم فيه، النفض الكلي والجزئي للحكم المطعون فيه، عدم جواز الطعن في أحكام النقض، المستحدث من المبادئ القانونية التي قررتها محكمة النقض: رفع الطعن بالنقض، ميعاد الطعن بالنقض، الخصوم في الطعن بالنقض، أسباب الطعن بالنقض، جواز الطعن بالنقض، الحكم في الطعن بالنقض، الاختصاص الموضوعي لمحكمة النقض، النقض والاحالة. | ||
| 653 | _aالطعن في الأحكام- مصر | ||
| 653 | _aالقانون التجاري- مصر | ||
| 653 | _aالقانون المدني- مصر | ||
| 653 | _aنقض الأحكام- مصر | ||
| 942 | _cكتاب | ||
| 999 |
_c45722 _d45722 |
||